Utah Jazz 2024-2025 Roster - Statistics

General Stats
  • This quiz has been taken 54 times
    28 since last reset
  • The average score is 9 of 17
Answer Stats
Jersey # Answer % Correct
00 Jordan Clarkson
89%
23 Lauri Markkanen
89%
2 Collin Sexton
84%
24 Walker Kessler
79%
20 John Collins
74%
3 Keyonte George
74%
5 Cody Williams
63%
13 Isaiah Collier
63%
28 Brice Sensabaugh
58%
22 Kyle Filipowski
58%
0 Taylor Hendricks
47%
33 Johnny Juzang
37%
25 Micah Potter
21%
34 Oscar Tshiebwe
21%
19 Svi Mykhailiuk
21%
16 Elijah Harkless
16%
99 KJ Martin
16%
No matching quizzes found
Score Distribution
Percent of People with Each Score
Percentile by Number Answered
Your Score History
You have not taken this quiz since the last reset